| 000 | 00834nab a2200241 u 4500 | ||
|---|---|---|---|
| 001 | 17260 | ||
| 003 | HDC | ||
| 007 | cr bn ---aaaaa | ||
| 008 | 210223c20110602xx dr|noo 0 a eng d | ||
| 040 | _aHDC | ||
| 245 | 0 | _aMalaysia: HDC Enter Into Strategic Partnership To Formulate Halal Laboratory Standards | |
| 260 |
_a[No place] : _b[publisher not identified], _c2011 |
||
| 336 |
_atext _2rdacontent |
||
| 337 |
_acomputer _2rdamedia |
||
| 338 |
_aonline resource _2rdacarrier |
||
| 650 |
_aHalal industry _9144 |
||
| 650 |
_athe Halal Laboratory Standard _916738 |
||
| 710 | _aHalal Focus | ||
| 856 | _zRequest full-text at [email protected] | ||
| 942 | _2lcc | ||
| 942 | _cNEWS | ||
| 942 | _kNWSO 005869 | ||
| 999 |
_c14576 _d14576 |
||